Cultura política de la democrcia en El Salvador: 2006 (II)

Gorde:
Xehetasun bibliografikoak
Formatua: Texto
Gaiak:
Etiketak: Etiketa erantsi
Etiketarik gabe, Izan zaitez lehena erregistro honi etiketa jartzen!

MARC

LEADER 00000 a a2200000 04500
001 6869
003
040
245 |a Cultura política de la democrcia en El Salvador: 2006 (II)  
650 |a DEMOCRACIA  
650 |a EL SALVADOR  
773 |g volumen 28, número 1258; páginas 8-9  
999 |c 39835  |d 39835